| 000 | 00490nam a2200181Ia 4500 | ||
|---|---|---|---|
| 003 | GCL | ||
| 008 | 140319s9999 xx 000 0 eng d | ||
| 040 |
_aGCL / _cGCL |
||
| 082 | 0 | 4 |
_a330.0955 _bA I |
| 100 | 1 | _aAMUZEGAR, JAHANGIR | |
| 245 | 1 | 0 |
_aIRAN'S ECONOMY UNDER THE ISLAMIC REPUBLIC / _cAMUZEGAR, JAHANGIR |
| 260 |
_a[S.N] : _bI.B. TAURIS & CO LTD ، _c1993 |
||
| 300 | _a398 P | ||
| 650 | 0 | 4 | _aISLAM - ECONOMICS |
| 650 | 0 | 4 | _aECONOMY |
| 650 | 0 | 4 | _aIRAN - ECONOMY |
| 942 |
_2ddc _cBK |
||
| 999 |
_c14000 _d14000 |
||